000 00360nam a22001337a 4500
999 _c18794
_d18794
008 210212b xxu||||| |||| 00| 0 eng d
050 _aQA303
_b.S77 2017 c.1
100 _aStrang, Gilbert
245 _aCalculus
_cGilbert Strang
260 _aUSA
_bWellesley, Cambridge Press
_c2017
300 _a5 vol(various paging)
650 _aCalculus
942 _2lcc
_cBK